| 000 | 00000nam##2200000za#4500 |
| 001 | 9.641294 |
| 003 | CaOODSP |
| 005 | 20210624223136 |
| 007 | cr ||||||||||| |
| 008 | 150407|2001||||xxc|||||o f|0| 0 fre|d |
| 040 | |aCaOODSP|bfre |
| 043 | |an-cn--- |
| 086 | 1 |aFs23-589/2001F-PDF |
| 110 | 1 |aCanada. |bMinistère des pêches et des océans. |
| 245 | 10|aLes besoins en données géospatiales dans les applications marines - résumé 2001 / |h[ressource électronique]|c[par] Bureau d'intégration de projets géospatiaux. |
| 260 | |aOttawa - Ontario : |bPêches et Océans Canada |c2001. |
| 300 | |a29p.|bfigures, graphiques |
| 590 | |a13-03-Supp|b2013-02-11 |
| 691 | 07|aSystème d'information géographique|2gcpds |
| 775 | 08|tMarine user requirements for geospatial data - summary 2001 / |w(CaOODSP)9.697232 |
| 856 | 40|ahttp://publications.gc.ca|qPDF|s496 Ko|uhttps://publications.gc.ca/collections/collection_2013/mpo-dfo/Fs23-589-2001-fra.pdf |